Sido Songs - Statistiken

Allgemein
  • Dieses Quiz wurde 154 mal gespielt
  • Das Durchschnittsergebnis liegt bei 23 aus 133
Antwortstatistiken
Album Songtitel % Korrekt
Maske Mein Block
72%
Ich Schlechtes Vorbild
62%
VI Astronaut
61%
Maske Maske
56%
Ich und meine Maske Ich und meine Maske
52%
30-11-80 Liebe
48%
Ich und meine Maske Carmen
47%
30-11-80 30-11-80
45%
Ich und meine Maske Augen auf
44%
Paul Mit Dir
42%
Ich Strassenjunge
38%
Ich Goldjunge
34%
Paul Versager
33%
Ich und keine Maske 2002
32%
Aggro Berlin Hey du!
32%
Maske Mama ist stolz
32%
Ich und keine Maske Das Buch
31%
30-11-80 Einer dieser Steine
31%
Ich und meine Maske Strip für mich
31%
Paul Sterne
30%
Maske Fuffies im Club
27%
Ich Mein Testament
27%
Ich und meine Maske Herz
26%
Paul Liebst Du Mich
26%
Paul Rollender Stein
26%
Aggro Berlin Sido
26%
Paul Atmen
25%
Ich und meine Maske Halt dein Maul
25%
Ich und meine Maske Nein!
25%
Paul Medizin
24%
Ich und keine Maske Melatonin
24%
Paul Unten / Oben
24%
VI Löwenzahn
23%
Maske Steig ein!
23%
Ich und keine Maske Wie Papa
23%
Ich und keine Maske Pyramiden
22%
Das goldene Album Masafaka
20%
30-11-80 Maskerade
20%
Das goldene Album Papa ist da
20%
Paul 3 Monde
19%
Das goldene Album Bljad
19%
Ich Ein Teil von mir
19%
Ich und keine Maske Leben vor dem Tod
19%
Ich Sarah
19%
Paul Irgendwo
18%
Paul Wenig Königlich
18%
Ich Ficken
17%
Ich und keine Maske High
17%
Maske Die Sekte
16%
Ich und keine Maske Energie
16%
Ich und keine Maske Papu
16%
Ich Bergab
15%
Ich und meine Maske Danke
15%
Das goldene Album Geuner
15%
VI Gürtel am Arm
15%
Das goldene Album Hamdullah
15%
Das goldene Album Alkohol
14%
30-11-80 Arbeit
14%
Aggro Berlin Der Tanz
14%
Maske Interview
14%
Ich und keine Maske Junge von der Strasse
14%
Paul Zwischen Den Wolken
14%
VI Eier
13%
Das goldene Album Ganz unten
13%
Paul Gar Nicht Mal So Glücklich
13%
Ich und meine Maske Wieder zurück
13%
Ich 1000 Fragen
12%
VI Ackan
12%
Maske Aus’m Weg
12%
Aggro Berlin Geburtstag
12%
Maske Ghettoloch
12%
30-11-80 Hier bin ich wieder
12%
Ich und keine Maske Jedes Geheimnis
12%
30-11-80 Papa, was machst du da
12%
Maske Sido aus’m Block
12%
Aggro Berlin Sie bleibt
12%
Maske Taxi
12%
VI Zu wahr
12%
Maske Endlich Wochenende
11%
Maske Glas hoch!
11%
Das goldene Album Ja man
11%
Maske Knast
11%
Ich und meine Maske Pack schlägt sich
11%
Ich Rodeo
11%
Ich und meine Maske Scheiß drauf
11%
Maske 3 Leben
10%
Ich Ich hasse dich
10%
Ich und meine Maske Jeder kriegt, was er verdient
10%
Ich und meine Maske Schule
10%
VI Zuhause ist die Welt noch in Ordnung
10%
Ich und keine Maske Beste Zeit
9%
30-11-80 Enrico
9%
Ich und keine Maske Fällig
9%
30-11-80 Fühl dich frei
9%
Ich Ich kiff nicht mehr
9%
Maske Sido und die Drogen
9%
Das goldene Album Striche zählen
9%
Ich und meine Maske Unser Leben
9%
Maske Was hat er?
9%
VI Entspannt
8%
Ich GZSZ
8%
Aggro Berlin Sicher?
8%
VI So war das
8%
Aggro Berlin Wenn das alles ist
8%
VI Zu Strasse
8%
Aggro Berlin 10 Jahre
7%
Ich A.i.d.S. 2007
7%
30-11-80 Einer muss es machen
7%
VI Für Ewig
7%
Aggro Berlin Ich bereue nichts
7%
Ich Ihr habt uns so gemacht
7%
Ich Mach keine Faxen
7%
Aggro Berlin Marie & Jana
7%
Ich Nie wieder
7%
Aggro Berlin Schlampen von gestern
7%
Ich und keine Maske Schono ke
7%
VI Selfie
7%
Aggro Berlin Seniorenstatus
7%
Das goldene Album Siggi Siggi Siggi
7%
Ich und meine Maske Aggrokalypse
6%
30-11-80 Grenzenlos
6%
30-11-80 So wie du
6%
VI Vom Frust der Reichen
6%
Das goldene Album Der einzige Weg
5%
Das goldene Album Diese Mucke
5%
30-11-80 Irgendwo wartet jemand
5%
VI Knochen und Fleisch
5%
Aggro Berlin Ruf mich
5%
30-11-80 Es war einmal
4%
Aggro Berlin Für jeden
4%
VI BoomBidiByeBye
3%
Das goldene Album Männaz mit Vaginaz
3%
Aggro Berlin Siggy & Harry
0%
Keine übereinstimmenden Quizze gefunden
Verteilung der Resultate
Anzahl Personen mit jedem Resultat
Perzentil nach korrekt beantworteten Fragen
Ihre Resultats-Entwicklung
Sie haben dieses Quiz noch nicht gespielt